000
00322nam a2200133Ia 4500
005
20260328104316.0
008
260328s9999||||xx |||||||||||||| ||und||
100
_a
Broto, Xavier
245
0
_a
Hoteles :
_b
Arquitectura y DiseƱo /
_c
Xavier Broto
260
_b
Links
300
_a
290 p.
650
_a
HOTELES
942
_c
BK
999
_c
11156
_d
11156